| 000 | 01144nam0a22002771 4500 | ||
|---|---|---|---|
| 001 | rc\3404775 | ||
| 005 | 20260407071446.0 | ||
| 021 |
_aRU _bРг13914-73 |
||
| 035 | _a(NLR Aleph) 007548518 | ||
| 090 |
_a5175577 _c5175577 |
||
| 100 | _a20130115d1973 |||y0rusy50 ca | ||
| 101 | 0 | _arus | |
| 102 | _aRU | ||
| 105 | _aa b ||||| | ||
| 200 | 1 |
_aКаталог выставки _f[Вступ. статья Т.Л. Мотылевой, д-ра филол. наук, проф.] _gМ-во культуры СССР. Всесоюз. гос. б-ка иностр. литературы |
|
| 210 |
_aМосква _cБ. и. _d1973 |
||
| 215 |
_a104 с. _cил. _d14х21 |
||
| 225 | 1 | _aРомен Роллан и Советский Союз | |
| 702 | 1 |
_4080 _7ca _8rus _aМотылева _bТ. Л. _f1910-1992 _gТамара Лазаревна _3RU\NLR\AUTH\770278691 _92650658 |
|
| 710 | 1 | 2 |
_a"Ромен Роллан и Советский Союз", выставка _f1969-1970 _eМосква _3RU\NLR\AUTH\889996685 _9490564 |
| 801 | 0 |
_aRU _bNLR _gpsbo |
|
| 801 | 1 |
_aRU _bELAR _2rusmarc |
|
| 852 |
_aNLR _j73-3/6607 |
||
| 942 | _cBOOK | ||
| 980 | _aNB | ||